000 00645nam a2200229Ia 4500
003 OSt
005 20221005072917.0
006 a|||||r|||| 00| 0
007 ta
008 221004b |||||||| |||| 00| 0 eng d
024 _a58488
037 _cTextual
040 _aCRL
_cCRL
_beng
041 _2eng
_aeng
082 _aT:8.2'N9, N3
245 0 _aPrivate initiative and public policy in education edited by R. P. Singh
260 _aNew Delhi
_bFederation of management of Educational Institutionas
_c1993
300 _a175p.
_ccm.
650 _aEDUCATION
942 _hT:8.2'N9, N3
_cTEXL
_2cc
999 _c980279
_d980279